| 000 | 00568nam a22002057a 4500 | ||
|---|---|---|---|
| 005 | 20240814173958.0 | ||
| 008 | s1980 eng d | ||
| 041 | _aeng | ||
| 245 | 1 | 0 | _aRules of the Senate of Canada |
| 260 | 3 |
_aS.l. : _bs.n., _c1980 |
|
| 300 |
_a87 p. ; _b 23 cm. |
||
| 650 | 0 | 4 | _aCanada. Senate -- Rules and practice |
| 650 | 0 | 4 | _aParliamentary practice -- Canada |
| 650 | 0 | 4 | _aRules of procedure |
| 850 | _aNALT | ||
| 942 | _cLB | ||
| 997 | _c000000000020946 | ||
| 998 |
_aBENJALUCK SUTTHIWILAI _j25 _k นีลวัสน์ อินทรักษา |
||
| 999 |
_c20946 _d20946 |
||
| 090 | _aKD219.C2.4 R84 1980 | ||